| 000 | 00709nam a2200229Ia 4500 | ||
|---|---|---|---|
| 003 | GCL | ||
| 008 | 140319s9999 xx 000 0 ara d | ||
| 040 |
_aGCL / _cGCL |
||
| 082 | 0 | 4 |
_aق _b320.54 _bم ت |
| 100 | 1 | _aمحسن خضر | |
| 245 | 1 | 0 |
_aتعريب مصر السياسى / _cمحسن خضر |
| 300 | _a204 ص | ||
| 490 | _a | ||
| 650 | 0 | 4 | _aمصر |
| 650 | 0 | 4 | _aالاحوال السياسية |
| 650 | 0 | 4 | _aالحروب الصليبية |
| 650 | 0 | 4 | _aالوحدة العربية |
| 650 | 0 | 4 | _aالقومية المصرية |
| 650 | 0 | 4 | _aالقومية العربية |
| 650 | 0 | 4 | _aسوريا - تاريخ - العصر الحديث - الوحدة مع مصر(1958- 1961) |
| 942 |
_2ddc _cBK |
||
| 999 |
_c38433 _d38433 |
||